| 000 | 01046nam0a22003011 4500 | ||
|---|---|---|---|
| 001 | rc\4968536 | ||
| 005 | 20250613052001.0 | ||
| 021 |
_aRU _b[61-14249] |
||
| 035 | _a(NLR Aleph) 008962249 | ||
| 090 |
_a9071662 _c9071662 |
||
| 100 | _a20130426d1960 |||y0rusy50 ca | ||
| 101 | 0 | _arus | |
| 102 | _aRU | ||
| 105 | _aa z ||||| | ||
| 200 | 1 | _aПодвеска автомобиля и его колебания | |
| 205 | _a2-е изд., перераб. и доп. | ||
| 210 |
_aМосква _cМашгиз _d1960 |
||
| 215 |
_a356 с. _cил. _d22 |
||
| 300 | _a1-е изд. вышло под загл.: Теория подвески автомобиля | ||
| 320 | _aБиблиогр.: с. 352-355 (94 назв.) | ||
| 606 |
_aАвтомобили _xКолебания _2psbo |
||
| 606 |
_aАвтомобильные подвески _2psbo |
||
| 700 | 1 |
_aРотенберг _bР.В. _gРоберт Владимирович |
|
| 801 | 0 |
_aRU _bNLR _gpsbo |
|
| 801 | 1 |
_aRU _bELAR _2rusmarc |
|
| 852 |
_aNLR _j61-5/1092 |
||
| 942 | _cBOOK | ||
| 980 | _aNB | ||